|
|
|
|
| LEADER |
01075nam a22002417a 4500 |
| 001 |
AAL4376 |
| 003 |
BD-DhAAL |
| 005 |
20160313144734.0 |
| 008 |
160313s 2003bg ||||| |||| 00| 0 ben d |
| 020 |
|
|
|a 9840502727
|
| 040 |
|
|
|a BD-DhAAL
|c BD-DhAAL
|
| 082 |
|
|
|a 891.44
|
| 245 |
|
|
|a ইউপিএল সাহিত্য সংগ্রহ ২০০২ :
|b নির্বাচিত প্রবন্ধ, ছোটগল্প ও কবিতা /
|c সম্পাদনা মহিউদ্দিন আহমেদ
|
| 250 |
|
|
|a 1st ed.
|
| 260 |
|
|
|a ঢাকা :
|b ইউনিভার্সিটি প্রেস ,
|c ২০০৩
|
| 300 |
|
|
|a ৩৫৪ পৃ. ;
|c ২২ সে.মি.
|
| 541 |
|
|
|e 4376
|
| 650 |
|
|
|a Bengali Literature
|9 18458
|
| 700 |
|
|
|a আহমেদ, মহিউদ্দিন
|9 18459
|
| 852 |
|
|
|a Savar Campus Library
|c General Shelf
|
| 942 |
|
|
|2 ddc
|c BK
|
| 999 |
|
|
|c 37089
|d 37089
|
| 952 |
|
|
|0 0
|1 0
|2 ddc
|4 0
|6 891_440000000000000_UPL
|7 0
|9 58346
|a SCL
|b SCL
|c GEN
|d 2016-03-13
|g 250.00
|l 0
|o 891.44 UPL
|p 3020004376
|r 2016-03-13
|t 1
|w 2016-03-13
|y BK
|